Normal view
MARC view
Entry Topical Term
001 - CONTROL NUMBER
- control field: 17007
003 - CONTROL NUMBER IDENTIFIER
- control field: OSt
005 - DATE AND TIME OF LATEST TRANSACTION
- control field: 20240611091700.0
008 - FIXED-LENGTH DATA ELEMENTS
- fixed length control field: 240611|| aca||aabn | a|a d
040 ## - CATALOGING SOURCE
- Original cataloging agency: OSt
- Transcribing agency: OSt
150 ## - HEADING--TOPICAL TERM
- Topical term or geographic name entry element: XML (Document markup language)
670 ## - SOURCE DATA FOUND
- Source citation: Work cat.: (OSt)8359: Daum, Berthold, 1949- 17006, Modeling business objects with XML schema /, 2003.
